Molecular biology of the cell. (3rd ed.) (Record no. 32091)

MARC details
000 -LEADER
fixed length control field 00783nam a2200217 a 4500
008 - FIXED-LENGTH DATA ELEMENTS--GENERAL INFORMATION
fixed length control field 110919s1983 ||||||||||||||||| || u
020 ## - INTERNATIONAL STANDARD BOOK NUMBER
International Standard Book Number 0815316208
050 ## - LIBRARY OF CONGRESS CALL NUMBER
Classification number QH 581.2 Mol
100 ## - MAIN ENTRY--PERSONAL NAME
Personal name Alberts, Bruce
245 10 - TITLE STATEMENT
Title Molecular biology of the cell. (3rd ed.)
Statement of responsibility, etc. by Bruce Alberts; (and others)
250 ## - EDITION STATEMENT
Edition statement 3rd ed.
260 ## - PUBLICATION, DISTRIBUTION, ETC.
Place of publication, distribution, etc. New York:
Name of publisher, distributor, etc. Garland Publishing Inc
Date of publication, distribution, etc. 1983
300 ## - PHYSICAL DESCRIPTION
Extent xliii, 1294 (various pagings).: ill.
350 ## -
-- 0.00
650 #0 - SUBJECT ADDED ENTRY--TOPICAL TERM
Topical term or geographic name entry element MOLECULAR BIOLOGY
650 #0 - SUBJECT ADDED ENTRY--TOPICAL TERM
Topical term or geographic name entry element BIOLOGY
650 #0 - SUBJECT ADDED ENTRY--TOPICAL TERM
Topical term or geographic name entry element CYTOLOGY
700 ## - ADDED ENTRY--PERSONAL NAME
Personal name Lewis, Julian
700 ## - ADDED ENTRY--PERSONAL NAME
Personal name Bray, Dennis
995 ## -
-- MICHAEL CHILUFYA SATA OPEN ACCESS
-- 0.00
-- 901160
-- CBU-SCHOOL OF MEDICINE LIBRARY (Ndola)
-- 1
-- 0.00
-- QH 581.2 MOL
-- 1
-- AVAILABLE
-- Oct 17, 2011
-- 901160
-- Medical Library Open Access Collection
999 ## -
-- 32091
-- 32091
Holdings
Withdrawn status Lost status Source of classification or shelving scheme Damaged status Not for loan Permanent Location Current Location Shelving location Date acquired Total Checkouts Full call number Barcode Date last seen Price effective from Koha item type
          CBU-SCHOOL OF MEDICINE LIBRARY, NDOLA. CBU-SCHOOL OF MEDICINE LIBRARY, NDOLA.   11/30/2022   QH 581.2 Mol 901160 11/30/2022 11/30/2022 MONOGRAPH